000 nam a22 7a 4500
999 _c9482
_d9482
008 180201b ||||| |||| 00| 0 eng d
100 _aChhibber, S
_92083
245 _aText book of mathematics -IX
260 _aNew Delhi
_bArya Publication
_c2007